000 00630nam a2200241Ia 4500
008 160216s9999 xx 000 0 und d
020 _a0-07-250185-5
050 _aMAIN QP 141
050 _b.W37 2006
100 _aWardlaw, Gordon M.
245 _aContemporary nutrition :
245 _bissues and insights /
245 _cGordon M. Wardlaw, Anne Smith.
250 _a6th Edition
260 _aNew York :
260 _bMcGraw-Hill.
260 _c2006
300 _a580 pages :
300 _bcol. ill. ;
300 _c28 cm.
500 _aIncludes bibliographical references and index.
650 _aNutrition.
999 _c290896
_d290896